000 00442nam a22001577a 4500
003 OSt
008 231205b2015 |||||||| |||| 00| 0 eng d
020 _a9780198094739
082 _a658.4031
_bMIS-B
100 _aMishra, Prahlad
245 _aBusiness research methods /
_cPrahlad Mishra
260 _aNew Delhi :
_bOxford University Press,
_c2015.
300 _axviii, 832 p. ;
650 _aBusiness -Research-Methodology
942 _2ddc
_cBK
999 _c19785
_d19785